000 00517nam a22001697a 4500
005 20160314113501.0
008 160308b xxu||||| |||| 00| 0 eng d
050 _aPL8690.1L841
100 _aLombard D.P.
_922810
245 _aIntroduction to the grammar of Northern Sotho
_cby Lombard D.P.
260 _aPretoria
_bJ.L. van Schaik
_c1985
300 _a203p.;
_c22cm.
650 _aNorthen Sotho
_xGrammar
_922811
700 _aVan Wyk, E.B.
_922812
700 _aMokgokong, P.C.
_922813
942 _2lcc
_cMONOGRAPH
999 _c124332
_d124332